Southville International School and Colleges
Your cart is empty.
  • Cart
  • Lists
    Public lists Eva Luna New books Lux_list list_1
    Your lists Log in to create your own lists
  • Log in to your account
  • Your cookies
  • Search history
Southville International School and Colleges
  • Advanced search
  • Recent comments
  • Most popular
  • Libraries

Log in to your account

Log in with GOOGLE


If you do not have an external account, but do have a local account, you can still log in:

  1. Home
  2. MARC view: We shall not be moved :
Normal view MARC view ISBD view

We shall not be moved : (Record no. 34497)

[ view plain ]
MARC details
000 -LEADER
fixed length control field 00680nam a22002297a 4500
003 - CONTROL NUMBER IDENTIFIER
control field OSt
005 - DATE AND TIME OF LATEST TRANSACTION
control field 20140310184444.0
008 - FIXED-LENGTH DATA ELEMENTS--GENERAL INFORMATION
fixed length control field 131010t xxu||||| |||| 00| 0 eng d
020 ## - INTERNATIONAL STANDARD BOOK NUMBER
International Standard Book Number 078073005994
050 ## - LIBRARY OF CONGRESS CALL NUMBER
Classification number HD 5325
Item number .D229 1996
100 ## - MAIN ENTRY--PERSONAL NAME
Personal name Dash, Joan
9 (RLIN) 18717
245 ## - TITLE STATEMENT
Title We shall not be moved :
Remainder of title the women's factory strike of 1909 /
Statement of responsibility, etc Joan Dash.
260 ## - PUBLICATION, DISTRIBUTION, ETC. (IMPRINT)
Place of publication, distribution, etc New York :
Name of publisher, distributor, etc Scholastic Inc.,
Date of publication, distribution, etc 1996
300 ## - PHYSICAL DESCRIPTION
Extent 165 p. :
Dimensions 20 cm.
521 ## - TARGET AUDIENCE NOTE
Target audience note
526 ## - STUDY PROGRAM INFORMATION NOTE
Reading level 1170
650 ## - SUBJECT ADDED ENTRY--TOPICAL TERM
Topical term or geographic name as entry element Women
General subdivision History
-- Employment
9 (RLIN) 27683
650 ## - SUBJECT ADDED ENTRY--TOPICAL TERM
Topical term or geographic name as entry element Clothing workers
General subdivision Labor unions
-- History
9 (RLIN) 27684
650 ## - SUBJECT ADDED ENTRY--TOPICAL TERM
Topical term or geographic name as entry element Strikes and lockouts
9 (RLIN) 18722
942 ## - ADDED ENTRY ELEMENTS (KOHA)
Source of classification or shelving scheme Library of Congress Classification
Koha item type
Holdings
Withdrawn status Lost status Source of classification or shelving scheme Damaged status Home library Current library Shelving location Date acquired Total Checkouts Full call number Barcode Date last seen Copy number Price effective from Koha item type
    Library of Congress Classification   Luxembourg Library Luxembourg Library Scholastic Reading Center Section 10/10/2013   HD 5325 .D229 1996 LEX0404 04/18/2017 1 10/10/2013 Books

We shall not be moved :

APA

Dash J., . (1996). We shall not be moved. New York: Scholastic Inc.

Chicago

Dash Joan, . 1996. We shall not be moved. New York: Scholastic Inc.

Harvard

Dash J., . (1996). We shall not be moved. New York: Scholastic Inc.

MLA

Dash Joan, . We shall not be moved. New York: Scholastic Inc. 1996.

  • Place hold
  • Print
  • Cite
  • Add to your cart (remove)
  • Save record
    BIBTEX Dublin Core MARCXML MARC (non-Unicode/MARC-8) MARC (Unicode/UTF-8) MARC (Unicode/UTF-8, Standard) MODS (XML) RIS
  • More searches
    Search for this title in:
    Other Libraries (WorldCat) Other Databases (Google Scholar) Online Stores (Bookfinder.com) Open Library (openlibrary.org)

Exporting to Dublin Core...

SOUTHVILLE LIBRARY

Southville International School and Colleges Library

1281 Tropical Ave. Cor. Luxembourg St., BF Homes International, Las Pinas City

Tel. No. 8256374 / 252358 Loc. 117/146

Powered by Koha